000 00325nam a22001337a 4500
003 OSt
008 240730b |||||||| |||| 00| 0 eng d
082 _a635.93346
_bG60A
100 _aGBPUAT, Pantnagar
245 _aAbstracts National Seminar on Cucurbits
260 _aPantnagar
_c2005
300 _a173p.
942 _2ddc
_cDRB
999 _c42870
_d42870